000 00567nam a2200229Ia 4500
005 20260320201733.0
008 008 262003s9999 xx 000 0 eng d
037 _aEBOOK
040 _aCRL
040 _beng
040 _cCRL
041 _2eng
041 _aeng
084 _qCRL
100 _aLibbrecht
_91135801
245 0 _aSnow Crystals: A Case Study in Spontaneous Structure Formation
260 _bIEEE
856 _uhttps://ieeexplore.ieee.org/servlet/opac?bknumber=9782451
942 _cEBOOK
999 _c1723235
_d1723235